| 000 | 01225nam0a2200313 4500 | ||
|---|---|---|---|
| 001 | RU\NLR\BIBL_A\011379115 | ||
| 005 | 20260406101259.0 | ||
| 010 |
_a978-5-389-08557-2 _93000. |
||
| 021 |
_aRU _b2017-22404 _91668 |
||
| 035 | _a(RuMoRGB)008840570 | ||
| 035 | _a(NLR Aleph) 011379115 | ||
| 090 |
_a11390870 _c11390870 |
||
| 100 | _a20170428d2017 |||y0rusy50 ca | ||
| 101 | 1 |
_arus _ceng |
|
| 102 | _aRU | ||
| 105 | _ay|||z|||000ay | ||
| 200 | 1 |
_aС любовью, Рози _e[роман] _fСесилия Ахерн _g[пер. с англ. Э. Меленевской] |
|
| 210 |
_aМосква [и др.] _cИностранка [и др.] _d2017 |
||
| 215 |
_a492, [1] с. _d17 |
||
| 300 | _aКн. ранее выходила под назв. "Там где заканчивается радуга" | ||
| 333 | _a16+ | ||
| 451 | 0 |
_12001#$aТам где заканчивается радуга _tТам где заканчивается радуга |
|
| 686 |
_aШ5(4И)164-644 _2rubbk |
||
| 686 | 1 | _aШ6(4И)167-4{Лх1328} | |
| 700 | 1 |
_aАхерн _bС. _f1981- _gСесилия _962156 _3RU\NLR\AUTH\7779228 |
|
| 942 | _cBOOK | ||
| 980 | _aNB | ||